| 000 | 00431cam a2200169ua 4500 | ||
|---|---|---|---|
| 020 | _c399.00 | ||
| 041 |
_aeng _h |
||
| 082 |
_a005.133 _bMCM/DA |
||
| 100 | _aMcManus, Jeffrey P . | ||
| 245 |
_aDatabase access with Visual basic 6 / _cJefrrey McManus P. _hTextual Documents |
||
| 260 |
_aNew Delhi : _bTech Media , _c1999. |
||
| 300 | _a811 ; . | ||
| 365 | _a399.00 | ||
| 504 | _a | ||
| 942 | _cBK | ||
| 999 |
_c9715 _d9715 |
||